| 000 | 02082nam0a2200385 4500 | ||
|---|---|---|---|
| 001 | RU\NLR\bibl\1411353 | ||
| 005 | 20250615211510.0 | ||
| 010 |
_a978-5-94789-343-4 _9900 |
||
| 021 |
_aRU _b2009-54514 _93363 |
||
| 035 | _a(nilc)RSL-KNO-004351840 | ||
| 035 | _a(NLR Aleph) 001403332 | ||
| 090 |
_a1236343 _c1236343 |
||
| 100 | _a20090629d2009 |||y0rusy50 ca | ||
| 101 | 0 | _arus | |
| 102 | _aRU | ||
| 105 | _aa zzzz||||| | ||
| 200 | 1 |
_aИнновационные аспекты управления кадрами и математическое моделирование кадровых систем предприятий России _eмонография _fВ.Г. Артюхов, Е.Н. Куличков, Е.В. Скубрий _gМ-во пром-сти и торговли Российской Федерации, Федер. гос. унитар. предприятие "Центр. науч.-исслед. ин-т судостроит. пром-сти "Центр" (ФГУП "ЦНИИ "Центр") |
|
| 210 |
_aМосква _cТриада _d2009 |
||
| 215 |
_a245 с. _cил. _d21 |
||
| 320 | _aБиблиогр.: с. 239-245 (133 назв.) | ||
| 606 | 1 |
_aКадры _xУправление _yРоссийская Федерация _92081423 _3RU\NLR\auth\661257403 |
|
| 606 | 1 |
_aПромышленные предприятия _xКадры _xУправление _yРоссийская Федерация _92177079 _3RU\NLR\auth\661309382 |
|
| 610 | 0 | _aматематическое моделирование кадровых систем | |
| 686 |
_aУ9(2)240-21,0 _2rubbk |
||
| 686 | _aУ24(2)0-21 | ||
| 686 | _aУ30(2)-640-21 | ||
| 700 | 1 |
_aАртюхов _bВ. Г. _gВиталий Григорьевич _4070 |
|
| 701 | 1 |
_aКуличков _bЕ. Н. _gЕвгений Николаевич _4070 |
|
| 701 | 1 |
_aСкубрий _bЕ. В. _gЕвгений Вениаминович _4070 |
|
| 801 | 0 |
_aRU _bРКП _c20090629 _grcr |
|
| 801 | 1 |
_aRU _bРГБ _c20090629 |
|
| 801 | 2 |
_aRU _bNLR _c20090914 _grcr |
|
| 942 | _cBOOK | ||
| 980 | _aNB | ||